|
|
|
|
| LEADER |
00000nam0a2200000 4500 |
| 001 |
282489 |
| 005 |
20231101235513.0 |
| 035 |
|
|
|a (RuTPU)RU\TPU\book\306395
|
| 090 |
|
|
|a 282489
|
| 100 |
|
|
|a 20150130d1984 m y0rusy50 ca
|
| 101 |
0 |
|
|a rus
|
| 102 |
|
|
|a RU
|
| 105 |
|
|
|a a z 001zy
|
| 200 |
1 |
|
|a Осадочные формации
|f Всесоюзный научно-исследовательский геологический институт (ВСЕГЕИ)
|
| 210 |
|
|
|a Ленинград
|c Недра
|d 1984
|
| 215 |
|
|
|a 228 с.
|c ил.
|
| 225 |
1 |
|
|a Принципы и методы оценки рудоносности геологических формаций
|
| 320 |
|
|
|a Библиогр.: с. 224-226
|
| 606 |
1 |
|
|a Геологические формации, осадочные
|x Петрография
|2 stltpush
|3 (RuTPU)RU\TPU\subj\6089
|9 34048
|
| 606 |
1 |
|
|a Руды черных металлов
|x Месторождения
|2 stltpush
|3 (RuTPU)RU\TPU\subj\26304
|9 50263
|
| 610 |
1 |
|
|a рудоносность
|
| 610 |
1 |
|
|a гумидные области
|
| 610 |
1 |
|
|a терригенные формации
|
| 610 |
1 |
|
|a аридные области
|
| 610 |
1 |
|
|a красноцветные формации
|
| 610 |
1 |
|
|a кремнистые формации
|
| 610 |
1 |
|
|a карбонатные формации
|
| 610 |
1 |
|
|a галогенные формации
|
| 610 |
1 |
|
|a углеродистые формации
|
| 675 |
|
|
|a 552.5
|v 4
|
| 675 |
|
|
|a 553.3
|v 4
|
| 712 |
0 |
2 |
|a Всесоюзный научно-исследовательский геологический институт (ВСЕГЕИ)
|c (Ленинград)
|c (1939-1991)
|2 stltpush
|3 (RuTPU)RU\TPU\col\11367
|
| 801 |
|
1 |
|a RU
|b 63413507
|c 20150130
|
| 801 |
|
2 |
|a RU
|b 63413507
|c 20170707
|g RCR
|
| 942 |
|
|
|c BK
|